О природе магнитных шариков из проб-протолочек горных пород; Геология и геофизика; № 10

Detalhes bibliográficos
Parent link:Геология и геофизика: научный журнал/ Российская академия наук (РАН), Сибирское отделение (СО).— , 1960-.— 0016-7886
№ 10.— 1970.— С. 136-139
Autor principal: Кузьмин А. М. Алексей Михайлович
Outros Autores: Иванкин Г. А., Владимирова Е. В.
Idioma:russo
Publicado em: 1970
Assuntos:
Formato: MixedMaterials Capítulo de Livro
KOHA link:https://koha.lib.tpu.ru/cgi-bin/koha/opac-detail.pl?biblionumber=410356

MARC

LEADER 00000naa2a2200000 4500
001 410356
005 20231101071321.0
035 |a (RuTPU)RU\TPU\prd\64271 
035 |a RU\TPU\tpu\15446 
090 |a 410356 
100 |a 20090319a1970 k y0rusy50 ca 
101 0 |a rus 
102 |a RU 
200 1 |a О природе магнитных шариков из проб-протолочек горных пород  |f А. М. Кузьмин, Г. А. Иванкин, Е. В. Владимирова 
320 |a Библиогр.: 6 назв. 
461 1 |0 (RuTPU)RU\TPU\prd\1420  |x 0016-7886  |t Геология и геофизика  |o научный журнал  |f Российская академия наук (РАН), Сибирское отделение (СО)  |d 1960- 
463 1 |0 (RuTPU)RU\TPU\prd\63368  |t № 10  |v С. 136-139  |d 1970 
610 1 |a труды учёных ТПУ 
700 1 |a Кузьмин  |b А. М.  |c российский геолог  |c профессор Томского политехнического института  |f 1891-1980  |g Алексей Михайлович  |2 stltpush  |3 (RuTPU)RU\TPU\pers\13901 
701 1 |a Иванкин  |b Г. А. 
701 1 |a Владимирова  |b Е. В. 
801 1 |a RU  |b 63413507  |c 20081203  |g PSBO 
801 2 |a RU  |b 63413507  |c 20111206  |g PSBO 
942 |c BK